Gente en el tiempo

Guardat en:
Dades bibliogràfiques
Autor principal: Bontempelli, Massimo (Autor)
Format: Llibre
Idioma:espanyol
Publicat: Buenos Aires Sur 1955
Matèries:
Etiquetes: Afegir etiqueta
Sense etiquetes, Sigues el primer a etiquetar aquest registre!

MARC

LEADER 00000nam a2200000 a 4500
001 UCY1933
003 CL-VaPUC
008 940929e19550000AG |||||||||||||||||spa|d
082 0 4 |a 853  |b BON  |2 21 
100 0 |a Bontempelli, Massimo  |e author  |9 330003 
245 1 0 |a Gente en el tiempo 
300 |a 157 p 
942 |c BK 
945 |d 19940929 00:00:00  |a oaravena 
260 |a Buenos Aires  |b Sur  |c 1955 
650 0 |a Novela italiana  |9 265740 
583 |a last modification  |c 19940929 00:00:00  |k Rodrigo Vera 
999 |c 230501  |d 230499 
952 |0 0  |1 0  |4 0  |6 853_000000000000000_BON_1955  |7 0  |8 A  |9 232831  |a BIBART  |b BIBART  |d 2019-11-15  |i 3020223  |o 853 BON 1955  |p 3020223  |r 2025-03-13  |w 2019-11-15  |y BK  |k ART